| 000 | 01020nam a22002537a 4500 | ||
|---|---|---|---|
| 001 | 9801 | ||
| 003 | FISKH | ||
| 005 | 20260226095302.0 | ||
| 008 | 260226b cb ||||| |||| 00| 0 eng d | ||
| 020 | _a9780478265026 | ||
| 040 |
_aFISKH _beng _cFISKH _dFISKH |
||
| 082 | _a823 | ||
| 100 | _aWerry , Philippa | ||
| 245 |
_aFour times around the track / _cPhilippa Werry : illustrated by Darcy Solia |
||
| 260 |
_aWellington : _bLearning Media , _c2002. |
||
| 300 |
_a8 pages : _bcolor illustrations ; _c19 cm . |
||
| 505 | _aN | ||
| 520 | _aThis book is about a child who takes part in a race running four times around the track. During the race, he feels nervous and unsure of himself, but he tries to be patient, keeps running, and does not give up. Through hard work and encouragement, he finishes the race and gains greater confidence in himself. | ||
| 521 | 8 |
_a550
_bLexile estimate |
|
| 521 | 8 |
_aN
_bRaz-Plus |
|
| 700 |
_aSolia , Darcy _eIllustrator |
||
| 942 |
_2ddc _cBK _n0 |
||
| 999 |
_c9801 _d9801 |
||